Francisco Famosos - Estadísticas

Estadísticas generales
  • Esta prueba ha sido intentada 74 veces
  • La puntuación promedio es 4 de 10
Estadísticas de respuestas
Descripción Respuesta % Correcto
Militar y dictador español que gobernó España desde 1939 hasta su muerte en 1975 Franco
98%
Pintor y grabador español, considerado uno de los artistas más importantes de la historia del arte occidental. de Goya
82%
Conquistador español que lideró la expedición que resultó en la conquista del Imperio Inca y la fundación de Lima, Perú Pizarro
66%
Dibujante y creador de cómics como "Mortadelo y Filemón" Ibáñez
51%
Torero español, miembro de una familia de renombrados toreros. Conocido también por su relación con el mundo del espectáculo Rivera Ordóñez
42%
Político español que fue presidente de la Comunidad Valenciana entre 2003 y 2011 Camps
25%
Actor español con una destacada carrera en el cine, teatro y televisión. Trabajó con importantes directores como Luis Buñuel Rabal
14%
Escritor y periodista español, conocido por su estilo literario único y su obra "Mortal y rosa" Umbral
12%
Compositor y guitarrista español, considerado una figura clave en la historia de la guitarra clásica. Su obra incluye la famosa pieza "Recuerdos de la Alhambra" Tárrega
6%
Filósofo, teólogo y jurista español, figura clave en la escolástica y en el desarrollo del derecho internacional Suárez
5%
No se encontraron pruebas coincidentes
Distribución de puntuación
Porcentaje de gente con cada puntuación
Porcentaje por número respondido
Historial de tus puntuaciones
No has intentado esta prueba.